| 000 | 00333nam a2200109 4500 | ||
|---|---|---|---|
| 999 |
_c11184 _d11184 |
||
| 008 | 181016b ||||| |||| 00| 0 eng d | ||
| 245 | _aPresidential issuances. | ||
| 260 |
_aSan Miguel, Manila : _bOP-Bureau of Communications Services, _c2013-c2014. |
||
| 300 |
_av22 n6, pages 94-100; _c23cm. |
||
| 650 | 0 |
_932242 _a1 |
|
| 942 |
_2ddc _cPER |
||